000 00274nam a22001217a 4500
008 180110b xxu||||| |||| 00| 0 eng d
041 _aeng
080 _a37
100 _a46
101 _aEDU
245 _aLEARNING ENGLISH SECOND LANGUAGE
_cFINKEL.L.S
942 _2udc
_cBK
999 _c40054
_d40054